000 00640nam a2200229 i 4500
001 C2-0170550
003 PPAK
005 20180728093555.0
008 980804s1993 my a|||| ||||| | may d
040 _aPPAK
_beng
_cPPAK
_erda
082 0 4 _a499.2305
_2 23
090 0 0 _a499.2305
_bJUR
_dKIH
090 0 0 _a499.2305
_bJUR
_dR
245 0 0 _aJurnal Dewan Bahasa
264 1 _aKuala Lumpur :
_bDewan Bahasa dan Pustaka ,
_c1993
300 _avarious pages pages :
_billustrations ;
_c27 cm
336 _2rdacontent
_atext
337 _2rdamedia
_aunmediated
338 _2rdacarrier
_avolume
500 _aJan - Dis, 1989
942 _ddc
_cB
999 _c154041
_d154041